Altos rendimientos de maíz y soja con riego complementario /
Guardado en:
| Autor Principal: | |
|---|---|
| Otros Autores: | |
| Formato: | Libro |
| Idioma: | Spanish |
| Publicado: |
Buenos Aires :
Hemisferio Sur,
1994.
|
| Materias: | |
| Etiquetas: |
Agregar Etiqueta
Sin Etiquetas, Sea el primero en etiquetar este registro!
|
| LEADER | 00654nam a22001935a 4500 | ||
|---|---|---|---|
| 001 | EUN.um031249 | ||
| 008 | 041125s1994####ag############000#0#spa#d | ||
| 005 | 20090408114627.0 | ||
| 245 | 1 | 0 | |a Altos rendimientos de maíz y soja con riego complementario / |c Jorge A. Luque, Juan D. Paoloni. |
| 260 | |a Buenos Aires : |b Hemisferio Sur, |c 1994. | ||
| 300 | |a 112 p. | ||
| 020 | |a 9505045220 | ||
| 100 | 1 | |a Luque, Jorge Alfredo. | |
| 700 | 1 | |a Paoloni, Juan D. | |
| 082 | 0 | 4 | |a 633.1 |
| 082 | 0 | 4 | |a 635.6 |
| 653 | |a Paoloni, Juan D. | ||
| 859 | |a Ar-BaUNS |b BIB. CENTRAL - Sector C |h 633.1 |i L974 |p 104001/994 | ||
| 859 | |a Ar-BaUNS |b BIB. CENTRAL - Sector C |h 633.1 |i L974 |p 104224/995 |t Ej.2 | ||
